000
00267nam a2200133Ia 4500
008
240624s9999 xx 000 0 und d
041
_a
eng
082
_a
823 BRO
100
_a
BROWN DAN
245
_a
ORIGIN
260
_c
2017
300
_a
480 p.
365
_c
_b
30
999
_c
30183
_d
30183